000
00248nam a2200097Ia 4500
001
1162549
005
20250827011646.0
008
250824s9999 xx 000 0 und d
245
0
_a
BİR BELDENİN KALBİ
_c
IREA TREVİSAN
260
_b
KETEBE YAYINLARI
999
_c
1162549
_d
1162549